Choose Life Monologue - Trainspotting - Statistics

General Stats
  • This quiz has been taken 242 times
  • The average score is 86 of 168
Answer Stats
Answer % Correct
life...
95%
life.
95%
Choose
94%
choose
94%
a
93%
f***
93%
I
89%
f***ed
78%
f***ing
78%
job.
78%
television.
78%
big
71%
you
71%
an
68%
career.
67%
the
66%
to
65%
who
63%
Who
63%
family.
60%
in
60%
no
58%
and
57%
And
57%
when
57%
do
56%
heroin?
55%
your
53%
are
51%
not
49%
that
48%
that?
48%
why
48%
compact
46%
tin
46%
chose
45%
electrical
44%
home.
44%
home,
44%
it
44%
on
44%
washing
44%
But
42%
openers.
42%
up
42%
would
42%
cars,
41%
like
41%
needs
41%
players
41%
disc
40%
something
40%
There
40%
want
40%
all,
39%
else.
39%
got
39%
of
39%
Sunday
39%
thing
39%
you've
39%
machines,
38%
friends.
36%
morning.
35%
reasons?
33%
reasons.
33%
reasons
33%
away
31%
at
30%
end
30%
good
30%
than
30%
brats
29%
food
29%
wondering
29%
last
28%
piece
28%
suit
28%
three-
28%
dental
27%
insurance.
27%
into
27%
junk
27%
low
27%
mortgage
27%
rotting
27%
starter
27%
pissing
26%
replace
26%
future.
25%
health,
25%
more
25%
nothing
25%
spawned
25%
cholesterol,
24%
embarrassment
24%
mouth.
24%
selfish
24%
game
23%
mind-
23%
miserable
23%
numbing,
23%
shows,
23%
watching
23%
couch
22%
crushing
22%
DIY
22%
spirit-
22%
luggage.
21%
sitting
21%
stuffing
21%
matching
20%
fabrics.
19%
range
19%
purchase
18%
yourselves.
18%
fixed
17%
hire
16%
repayments.
15%
interest
14%
leisurewear
13%
No matching quizzes found
Score Distribution
Percent of People with Each Score
Percentile by Number Answered
Your Score History
You have not taken this quiz